Quizzes
Events
Quiz Creation
Community
Videos
Private Events
Remove Ads
Sign In
Join for FREE
Feedback
Dark Mode
Quiz Categories
Sports
Geography
Music
Movies
Television
Just For Fun
Miscellaneous
History
Literature
Language
Science
Gaming
Entertainment
Religion
Holiday
For Kids
Quiz Lab
Recent
Popular Today
Quiz Kudos Today
Editor Picks
Curator Picks
Quizzes by...
Day
Popularity
Type
Ratings
Length
Year
Community
Subscriptions
Recent Discussions
Orange Saloon
Badges
Playlists
Quests
Create
Leaderboards
Showdown
Live 5
Trivia Bingo
Activity
Puzzle Library
Sporcle Events
Private Events
Virtual Trivia
Globe League
Become a Host
Pub Owners
SporcleCon
Opinionation
Our Games
Videos
Blog
Mobile Apps
Partnerships
Remove Ads and Go Orange
Feedback
Gaming
Video Games
Board Games
Card Games
Pokémon
Mario
Nintendo
Minecraft
Console
Toys
Legend of Zelda
Gaming
Video Games
Board Games
Card Games
Pokémon
Mario
Nintendo
Minecraft
Console
Toys
Legend of Zelda
Random Quiz
Search Sporcle
×
Quiz Lab
Quiz Lab
Gaming
Pokémon
Type in answers that appear in a list
Type in answers that appear in a list
Classic
Best Score? Go Orange.
The pokemon moves-Psychic? Stats
Can you name the the pokemon moves-Psychic??
By
pikachuzilla
7m
41 Questions
267 Plays
267 Plays
267 Plays
Comments
Comments
Give Quiz Kudos
Give Quiz Kudos
-
- Ratings
hide this ad
Replay
Link that replays current quiz
Next Quiz
Link to next quiz in quiz playlist
You Got
0%
They Got
Avg Score
39%
Avg Friend Score
Upgrade to see
Score Distribution
Jump to the score distribution portion of the page
Score
0/41
Timer
07:00
0
Plays Today
% Correct
Psychic
99.6%
Psybeam
91.8%
Confusion
89.1%
Psywave
77.2%
Hypnosis
64.8%
Reflect
59.9%
Teleport
57.3%
Dream Eater
56.6%
Light Screen
55.4%
Kinesis
53.2%
Psycho Cut
49.8%
Calm mind
49.4%
Future Sight
48.7%
Agility
48.3%
Barrier
45.7%
Psycho Boost
44.9%
Rest
41.6%
Trick
41.6%
Zen Headbutt
40.8%
Amnesia
39%
Meditate
37.1%
% Correct
Trick Room
36%
Mirror Coat
30%
Extrasensory
29.2%
Skill Swap
25.5%
Luster Purge
22.5%
Mist Ball
22.1%
Cosmic Power
20.6%
Power Swap
20.6%
Guard Swap
19.5%
Heart Swap
19.5%
Miracle Eye
19.5%
Magic Coat
19.1%
Psycho Shift
18%
Power Trick
17.2%
Gravity
16.5%
Role Play
16.5%
Healing Wish
15.4%
Lunar Dance
15%
Imprison
14.6%
Heal Block
12.4%
Quiz Playlist
Details
Report
Send in Message
Add To Playlist
Classic:
Type in answers that appear in a list
Quiz Source
Last Updated: Feb 16, 2017
Quiz Scoreboard
CHALLENGE
Sign Up to Join the Scoreboard
Show All
Scores
Hide
Comments
May contain spoilers
Recently Published
College Basketball Coaching Resumes
by pancakes188
Sports
9m
Billboard Blitz: Fleetwood Mac
by CooCooCachoo
Music
15s
Presidents Visiting Landmarks
by Hejman
History
7m
More to Explore
Quiz From the Vault
Featured Blog Post
Where Did the Easter Bunny Come From?
hide this ad
You Might Also Like...
Tags
Pokémon Quiz
Pokémon Moves
Today's Top Quizzes in Gaming
Browse Gaming
hide this ad
Today's Top Quizzes in Pokémon
Browse Pokémon
Top Contributed Quizzes in Gaming
1
5-to-1: Consoles
2
7-to-1: Board Game Piece Blitz
3
5-to-1: Legend of Zelda
4
Destiny 2 exotic weapons by perk icons
5
League of Legends Pro Players by Career/Team History
6
Franchise by Action Figure
7
Ultimate Genshin Impact Logic Puzzle (up to 4.3)
8
Who's on the WWE 2K24 Cover?
9
Genshin Impact Logic Puzzle Quiz
10
Overwatch Logic Puzzle
Explore More
Trending Topics
NBA
Harry Potter
Kpop
Marvel
Crossword
Disney
Anime
The Office
NFL
WWE
Soccer
Pokémon
Song
Country
Puzzle
hide this ad
More By:
pikachuzilla
Quiz
Plays
Rating
Category
Featured
Created
Pokemon Moves-Steel
406
4.00
Gaming
Dec 6, 2009
the pokemon moves-Dragon?
327
4.40
Gaming
Nov 9, 2009
halo-aliens by covenant names
287
5.00
Gaming
Nov 8, 2009
the pokemon moves-Psychic?
267
3.75
Gaming
Nov 9, 2009
Pokemon Moves-Dark
105
Gaming
Dec 6, 2009
Go to Creator's Profile
Score Distribution
Quiz Creator Spotlight
pikachuzilla
Follow
Send a Message
Quizzes Created
-
Created Quiz Play Count
-
More By This Creator
Popular Quizzes Today
1
Find the US States - No Outlines Minefield
2
Find the Countries of Europe - No Outlines Minefield
3
The Countries of the World
4
Find the US States
5
Risky Map Clicking: Biggest States A-Z
6
US States
7
Popular People in 1961
8
Movies - When Are They Set?
More Gaming Quizzes
Magic: the Gathering - Planeswalkers
Curator's Pick
Trending Quizzes
Risky Map Clicking: Least Populous States A-Z
1-10 Letter G Words
1-10 Letter F Words
Risky Map Clicking: Next State Alphabetically
Click the Washington State Counties! (Map)
Recently Updated
Leaping Animals
pecheneg
Reality TV Shows (A-Z)
bhenderson79
Rickey Henderson's Hall of Fame Teammates
pecheneg
Champions League XIs: Arsenal
pecheneg
Quick Pick: Celebrities in WWE's Hall of Fame
aduchscher
A-Z Keypad Blitz II
pecheneg
Multiple Oscar Actors
pecheneg
Mystery Phrase Blitz: Oscar 'Best Actors'
pecheneg
F. Scott Fitzgerald Novels
LTH
Pick 3 Villains
ddd62291
Trending Topics
Kpop
Disney
Marvel
Anime
Crossword
NBA
Harry Potter
Puzzle
NFL
The Office
WWE
Pokémon
Soccer
Country
Song
Your Account Isn't Verified!
In order to create a playlist on Sporcle, you need to verify the email address you used during registration. Go to your
Sporcle Settings
to finish the process.
Report this User
Report this user for behavior that violates our
Community Guidelines
.
Details:
Send Report
Go to the Sporcle.com Mobile Site →
Comments